Information guide for facilities management : a guide to information sources for building maintenance and facilities management 2002 (Record no. 102568)
[ view plain ]
| 000 -LEADER | |
|---|---|
| fixed length control field | 01055cam a2200241 4500 |
| 001 - CONTROL NUMBER | |
| control field | J120802 |
| 008 - FIXED-LENGTH DATA ELEMENTS--GENERAL INFORMATION | |
| fixed length control field | 000000n2002 000 0 eng u |
| 035 ## - SYSTEM CONTROL NUMBER | |
| System control number | (Sirsi) u120802 |
| 041 ## - LANGUAGE CODE | |
| Language code of text/sound track or separate title | eng |
| 050 ## - LIBRARY OF CONGRESS CALL NUMBER | |
| Classification number | 690.24 |
| -- | 18 |
| 110 ## - MAIN ENTRY--CORPORATE NAME | |
| Corporate name or jurisdiction name as entry element | Building Maintenance Information |
| 9 (RLIN) | 3229 |
| 245 ## - TITLE STATEMENT | |
| Title | Information guide for facilities management : a guide to information sources for building maintenance and facilities management 2002 |
| 260 ## - PUBLICATION, DISTRIBUTION, ETC. | |
| Place of publication, distribution, etc. | London |
| Name of publisher, distributor, etc. | BMI |
| Date of publication, distribution, etc. | 2002 |
| 300 ## - PHYSICAL DESCRIPTION | |
| Extent | 95p. |
| Dimensions | 21cm. |
| 520 ## - SUMMARY, ETC. | |
| Summary, etc. | 2002 edition of this comprehensive guide to sources of information on facilities management produced by BMI for the RICS Facilities Management Faculty, which includes a useful list of acronyms and abbreviations as well as an index by subject. |
| 650 ## - SUBJECT ADDED ENTRY--TOPICAL TERM | |
| Topical term or geographic name entry element | ASSOCIATIONS |
| 650 ## - SUBJECT ADDED ENTRY--TOPICAL TERM | |
| Topical term or geographic name entry element | BUILT ENVIRONMENT-BUILDING MAINTENANCE AND REFURBISHMENT |
| 650 ## - SUBJECT ADDED ENTRY--TOPICAL TERM | |
| Topical term or geographic name entry element | DIRECTORIES |
| 650 ## - SUBJECT ADDED ENTRY--TOPICAL TERM | |
| Topical term or geographic name entry element | ORGANISATIONS |
| 690 ## - LOCAL SUBJECT ADDED ENTRY--TOPICAL TERM (OCLC, RLIN) | |
| Topical term or geographic name as entry element | MANAGEMENT-FACILITIES MANAGEMENT |
| 710 ## - ADDED ENTRY--CORPORATE NAME | |
| Corporate name or jurisdiction name as entry element | Royal Institution of Chartered Surveyors |
| Subordinate unit | Facilities Management Faculty |
| 9 (RLIN) | 4295 |
| 942 ## - ADDED ENTRY ELEMENTS (KOHA) | |
| Suppress in OPAC | 0 |
| Withdrawn status | Lost status | Source of classification or shelving scheme | Damaged status | Not for loan | Home library | Current library | Shelving location | Date acquired | Total Checkouts | Full call number | Barcode | Date last seen | Date last checked out | Copy number | Price effective from | Koha item type |
|---|---|---|---|---|---|---|---|---|---|---|---|---|---|---|---|---|
| Dewey Decimal Classification | London | London | Books | 17/12/2002 | 3 | 690.24 BUI | 30068095 | 06/08/2019 | 02/03/2004 | 1 | 06/08/2019 | Book | ||||
| Dewey Decimal Classification | London | London | Books | 23/03/2009 | 690.24 BUI | 30068094 | 06/08/2019 | 2 | 06/08/2019 | Reference material |